Ecología energética /

Guardado en:
Autor Principal: Phillipson, John, 1927-
Otros Autores: Villar, Luis.
Formato: Libro
Idioma:Undetermined
Publicado: Barcelona : Omega, c1975.
Series:Cuadernos de Biología
Etiquetas: Agregar Etiqueta
Sin Etiquetas, Sea el primero en etiquetar este registro!
LEADER 00538nam a22001695a 4500
001 EEA.libagro010085
005 20160506123337.0
008 140807s1975####sp#a##########000#0#und#d
020 |a 842820389X 
082 0 4 |a 574.5223 
100 1 |a Phillipson, John,  |d 1927- 
245 1 0 |a Ecología energética /  |c John Phillipson ; traducido por Luis Villar. 
260 |a Barcelona :  |b Omega,  |c c1975. 
300 |a 56 p. :  |b il. ;  |c 21 cm. 
490 1 |a Cuadernos de Biología 
700 1 |a Villar, Luis. 
859 |a AR-BbBCA  |b BIB. AGRONOMIA  |h 574.5223  |i P564  |p C1983/0184